000 00651nam a2200265Ia 4500
003 OSt
005 20221007074722.0
006 a|||||r|||| 00| 0
007 ta
008 221006b |||||||| |||| 00| 0 eng d
020 _cRs. 400/-
024 _a9,042
037 _cTextual
040 _aFLL
_cFLL
_beng
041 _2eng
_aeng
082 _aXM55:Z2, P4.1
100 _aRamaiya A.
245 0 _aCompanies act
250 _a16th
260 _aNagpur
_bWadhwa and Company India
_c2004
300 _alxiv,6806p,70p
_ccm.
490 _v1
942 _hXM55:Z2, P4.1
_cTEXL
_2CC
999 _c1153426
_d1153426